000 00423nam a2200169 a 4500
001 0000-9178
003 ELIB.Books
008 110520 1960
035 _a(ELIB.Books)0000-9330
082 _a232.3
_bWha
100 _aWhale, J. S.
245 _aVictor and Victim
260 _bCambridge: At The University Press
_c1960
650 _aJesus Christ
942 _2ddc
_cBK
998 _cbat
_e2011-05-20
999 _c9178
_d9178